00483nam a22001457a 450000500170000000800410001702000160005804100150007408200140008910000150010324501560011826000090027430000290028365000250031220231110061711.0231110b |||||||| |||| 00| 0 eng d a062111359 X aAfrikaans  a346.1 SOU lAfrikaans  aSuid-Afrikaanse Regskommissie : bVerslag oor die instelling van 'n legitieme porsie of die verlening van 'n reg op onderhoud aan 'n langslewende gade  c1987 bxi, 46 pages ; c26 cm.  aLegal practice bLaw